[Event "33ème Open International d'Avoine"]
[Site "Avoine"]
[Date "2018.07.21"]
[Round "6.46"]
[White "Mancini, Mario"]
[Black "Salgues, Michel"]
[Result "1/2-1/2"]
[WhiteElo "2157"]
[BlackElo "1840"]
[PlyCount "138"]
[EventDate "2018.??.??"]

1. d4 d5 2. c4 Nf6 3. cxd5 Nxd5 4. Nf3 Bf5 5. Qb3 Nb6 6. Nc3 e6 7. e4 Bg6 8.
Be3 Be7 9. Be2 O-O 10. O-O N8d7 11. Rfd1 a5 12. Ne5 a4 13. Qc2 Nxe5 14. dxe5
Qb8 15. Nb5 Nd5 16. Bc1 c6 17. Nd6 Bxd6 18. exd6 Qxd6 19. Qc4 b5 20. Qd4 e5 21.
Qd3 Qe6 22. Bf3 Ne7 23. Be3 Rfe8 24. Bc5 h5 25. Qe2 Rad8 26. Bxh5 Rxd1+ 27.
Rxd1 Bxh5 28. Qxh5 Ng6 29. a3 Qc4 30. Be3 Qxe4 31. g3 Qc2 32. Rd2 Qc4 33. Qf5
Qe6 34. Qc2 Ne7 35. Bc5 Nd5 36. h4 f5 37. Re2 f4 38. Qe4 Qh3 39. Qg2 Qxg2+ 40.
Kxg2 e4 41. Kh3 f3 42. Re1 Kf7 43. Kg4 g6 44. Bd4 Re6 45. Bc5 Nf6+ 46. Kf4 Nh5+
47. Ke3 Nf6 48. Kd4 Nd7 49. Bb4 Kf6 50. g4 c5+ 51. Bxc5 Nxc5 52. Kxc5 Ke5 53.
h5 gxh5 54. gxh5 Rh6 55. Rh1 e3 56. fxe3 Ke4 57. Kxb5 Kxe3 58. Kxa4 f2 59. b4
Rxh5 60. Rf1 Ke2 61. Rxf2+ Kxf2 62. b5 Ke3 63. b6 Rh1 64. Kb5 Kd4 65. Kc6 Kc4
66. b7 Rh6+ 67. Kc7 Rh7+ 68. Kb8 Rxb7+ 69. Kxb7 Kb3 1/2-1/2

[Event "33ème Open International d'Avoine"]
[Site "Avoine"]
[Date "2018.07.21"]
[Round "6.47"]
[White "Defromont, Benjamin"]
[Black "Mauffrey, Victor"]
[Result "1-0"]
[WhiteElo "2132"]
[BlackElo "1844"]
[PlyCount "66"]
[EventDate "2018.??.??"]

1. e4 c5 2. Nf3 Nc6 3. d4 cxd4 4. Nxd4 Nf6 5. Nc3 e5 6. Ndb5 d6 7. Bg5 a6 8.
Na3 b5 9. Nd5 Be7 10. Bxf6 Bxf6 11. c3 Bg5 12. Nc2 O-O 13. a4 bxa4 14. Rxa4 f5
15. exf5 a5 16. Nce3 Bxf5 17. Nxf5 Rxf5 18. Bd3 Rf8 19. Qh5 Bh6 20. O-O Ne7 21.
Ne3 Qe8 22. Qxe8 Rfxe8 23. Nc4 Red8 24. Rxa5 Rxa5 25. Nxa5 d5 26. Rd1 Ra8 27.
b4 Rc8 28. c4 d4 29. b5 Ra8 30. Nb7 Kf7 31. Nc5 Nc8 32. Na6 g6 33. c5 Ne7 1-0

[Event "33ème Open International d'Avoine"]
[Site "Avoine"]
[Date "2018.07.21"]
[Round "6.48"]
[White "Lamaze, Simon"]
[Black "Dalaud, Dorian"]
[Result "1/2-1/2"]
[WhiteElo "1838"]
[BlackElo "2122"]
[PlyCount "56"]
[EventDate "2018.??.??"]

1. Nf3 Nf6 2. g3 g6 3. Bg2 Bg7 4. O-O O-O 5. d4 d6 6. a4 a5 7. Nc3 Nfd7 8. e4
e5 9. Bg5 f6 10. Be3 c6 11. Qd2 Qe7 12. h4 exd4 13. Nxd4 Ne5 14. b3 Na6 15.
Rad1 Rd8 16. Nde2 Bh3 17. Bb6 Nc7 18. Nd4 Bxg2 19. Kxg2 Rd7 20. Nce2 Ne6 21.
Nxe6 Qxe6 22. Nf4 Qf7 23. Nd3 Nxd3 24. Qxd3 Qe6 25. Rfe1 Bf8 26. Bd4 Be7 27.
Bc3 Qf7 28. Qf3 Rdd8 1/2-1/2

[Event "33ème Open International d'Avoine"]
[Site "Avoine"]
[Date "2018.07.21"]
[Round "6.49"]
[White "Kern, Nicolas"]
[Black "Gaftarnik, Olivier"]
[Result "1-0"]
[WhiteElo "2104"]
[BlackElo "1786"]
[PlyCount "57"]
[EventDate "2018.??.??"]

1. e4 c5 2. Nc3 Nc6 3. d3 e6 4. g4 d5 5. Bg2 d4 6. Nce2 e5 7. Ng3 Qb6 8. h3 Be6
9. N1e2 g6 10. O-O h5 11. g5 h4 12. Nh1 Be7 13. f4 exf4 14. Nxf4 O-O-O 15. Nf2
Ne5 16. Qe2 Rf8 17. Nd5 Qd8 18. Bf4 Bd6 19. c3 Rh5 20. Rfc1 Kb8 21. Rc2 f6 22.
b4 fxg5 23. Bh2 cxb4 24. Nxb4 dxc3 25. Rb1 Ka8 26. Kh1 Bxb4 27. Bxe5 Bd6 28.
Bxd6 Qxd6 29. e5 1-0

[Event "33ème Open International d'Avoine"]
[Site "Avoine"]
[Date "2018.07.21"]
[Round "6.50"]
[White "Kocur, Johan"]
[Black "Pichouron, Eric"]
[Result "1/2-1/2"]
[WhiteElo "2077"]
[BlackElo "1831"]
[PlyCount "122"]
[EventDate "2018.??.??"]

1. Nf3 e6 2. c4 f5 3. g3 Nf6 4. Bg2 c6 5. O-O d5 6. d3 Be7 7. Qc2 O-O 8. Nbd2
Nbd7 9. e4 Kh8 10. cxd5 exd5 11. e5 Nh5 12. b3 Nc5 13. Nd4 Ne6 14. Nxe6 Bxe6
15. f4 g5 16. Qd1 Bc5+ 17. Kh1 g4 18. Qe1 Bb4 19. Bb2 Qa5 20. Rf2 Bc3 21. Qc1
Qb6 22. Re2 Bd4 23. Nf1 Ng7 24. Rb1 h5 25. Bxd4 Qxd4 26. Qe3 Qb4 27. d4 h4 28.
Qd2 a5 29. Qxb4 axb4 30. h3 Nh5 31. hxg4 fxg4 32. gxh4 Rxf4 33. Rd2 g3 34. Re1
Rxh4+ 35. Kg1 Nf4 36. Re3 Rg8 37. Rxg3 Rhg4 38. Rxg4 Bxg4 39. Ne3 Be2 40. Kf2
Bd3 41. Bf1 Be4 42. Ke1 Rg3 43. Nd1 Ne6 44. Nf2 Re3+ 45. Kd1 Bf3+ 46. Kc2 Nf4
47. Kb2 Re1 48. Nd3 Rxf1 49. Nxf4 Be4 50. Nd3 Bxd3 51. Rxd3 Rf2+ 52. Ka1 Kg7
53. Rg3+ Kf7 54. Rh3 b5 55. Rh6 Rd2 56. Rxc6 Rxd4 57. Rb6 Ke7 58. Kb2 Kd7 59.
Kc2 Re4 60. e6+ Ke7 61. Kd3 Rh4 1/2-1/2

[Event "33ème Open International d'Avoine"]
[Site "Avoine"]
[Date "2018.07.21"]
[Round "7.1"]
[White "Colin, Vincent"]
[Black "Ortiz Suarez, Isan Reynaldo"]
[Result "1/2-1/2"]
[WhiteElo "2381"]
[BlackElo "2548"]
[PlyCount "59"]
[EventDate "2018.??.??"]

1. e4 c5 2. Nc3 d6 3. d4 cxd4 4. Qxd4 Nc6 5. Qd2 g6 6. b3 Bh6 7. f4 Nf6 8. Bb2
e5 9. g3 O-O 10. O-O-O Be6 11. Kb1 Qb6 12. Bh3 Nd4 13. Bxe6 fxe6 14. Nge2 Nxe2
15. Qxe2 exf4 16. Qc4 Rae8 17. Nb5 Nxe4 18. Qxe4 Qxb5 19. Rxd6 fxg3 20. a4 Qf5
21. Qd4 e5 22. Qd5+ Rf7 23. hxg3 Bf8 24. g4 Qxg4 25. Rxh7 Bg7 26. Rxg7+ Kxg7
27. Bxe5+ Kf8 28. Rd8 Rfe7 29. Rxe8+ Kxe8 30. Qg8+ 1/2-1/2

[Event "33ème Open International d'Avoine"]
[Site "Avoine"]
[Date "2018.07.21"]
[Round "7.2"]
[White "Haub, Thorsten Michael"]
[Black "Naumkin, Igor"]
[Result "1/2-1/2"]
[WhiteElo "2405"]
[BlackElo "2379"]
[PlyCount "41"]
[EventDate "2018.??.??"]

1. g3 e5 2. Bg2 d5 3. d3 Nf6 4. Nd2 Nc6 5. a3 a5 6. b3 Bc5 7. e3 Bg4 8. Ne2 Qd7
9. h3 Be6 10. Bb2 O-O 11. Nf3 Bd6 12. d4 exd4 13. Nexd4 Ne4 14. Nxe6 fxe6 15.
O-O Qf7 16. Qe1 Qh5 17. Qd1 Qh6 18. Qe1 Rf7 19. Nh2 Qg6 20. g4 Raf8 21. f4 {(=)
} 1/2-1/2

[Event "33ème Open International d'Avoine"]
[Site "Avoine"]
[Date "2018.07.21"]
[Round "7.3"]
[White "Travadon, Loic"]
[Black "Lerch, Patrice"]
[Result "1/2-1/2"]
[WhiteElo "2344"]
[BlackElo "2405"]
[PlyCount "73"]
[EventDate "2018.??.??"]

1. e4 c5 2. Nf3 d6 3. d4 cxd4 4. Nxd4 Nf6 5. Nc3 a6 6. h3 e5 7. Nde2 Nbd7 8. g4
h6 9. Bg2 b5 10. Ng3 g6 11. Be3 Bb7 12. O-O Qc7 13. Nd5 Nxd5 14. exd5 Rc8 15.
c3 Nb6 16. f4 Nc4 17. Bc1 exf4 18. Bxf4 Bg7 19. Qe2+ Ne5 20. a4 O-O 21. axb5
Qc5+ 22. Be3 Qxb5 23. Qxb5 axb5 24. Ra7 Rb8 25. Ne4 Nc4 26. Bc1 b4 27. Nf6+
Bxf6 28. Rxf6 bxc3 29. bxc3 Kg7 30. Rf4 Rfc8 31. Ba3 Nxa3 32. Rxa3 Rc7 33. Rb4
Rbc8 34. Ra7 Ba8 35. Rxc7 Rxc7 36. Rb8 Bb7 37. Rd8 {(=)} 1/2-1/2

[Event "33ème Open International d'Avoine"]
[Site "Avoine"]
[Date "2018.07.21"]
[Round "7.4"]
[White "Bailet, Pierre"]
[Black "Dutreuil, Raphael"]
[Result "1/2-1/2"]
[WhiteElo "2503"]
[BlackElo "2200"]
[PlyCount "86"]
[EventDate "2018.??.??"]

1. e4 c5 2. Nf3 e6 3. g3 Nc6 4. Bg2 Nf6 5. Nc3 d6 6. d4 cxd4 7. Nxd4 Be7 8.
Nxc6 bxc6 9. e5 dxe5 10. Bxc6+ Bd7 11. Bxa8 Qxa8 12. O-O Bc6 13. Bg5 Bc5 14.
Be3 Bb4 15. f3 h5 16. Qe2 h4 17. g4 h3 18. Qc4 Bxc3 19. Qxc3 e4 20. g5 Nh5 21.
f4 O-O 22. Qe5 g6 23. Bd4 Kh7 24. Rae1 Rd8 25. c4 Qc8 26. Rd1 Bb7 27. Bc3 Rg8
28. Rd6 e3 29. Qxe3 e5 30. f5 Qxc4 31. fxg6+ Rxg6 32. Rxg6 Qg4+ 33. Kf2 Kxg6
34. Qxe5 Bg2 35. Qd6+ f6 36. Re1 Qf5+ 37. Kg1 Qxg5 38. Kf2 Qf5+ 39. Kg1 Bd5 40.
Re3 Bc4 41. Rg3+ Nxg3 42. Qxg3+ Kh5 43. Qf2 Qg5+ 1/2-1/2

[Event "33ème Open International d'Avoine"]
[Site "Avoine"]
[Date "2018.07.21"]
[Round "7.5"]
[White "Bressy, Theo"]
[Black "Shirazi, Kamran"]
[Result "0-1"]
[WhiteElo "2194"]
[BlackElo "2330"]
[PlyCount "116"]
[EventDate "2018.??.??"]

1. Nf3 d5 2. g3 g6 3. Bg2 Bg7 4. O-O c6 5. d3 Nf6 6. Nbd2 Na6 7. e4 O-O 8. Qe2
b6 9. e5 Ne8 10. c4 dxc4 11. Nxc4 Nb4 12. Rd1 Nc7 13. a3 Nbd5 14. Qc2 Ne6 15.
b4 Bb7 16. Bb2 Rc8 17. Rac1 Rc7 18. Nfd2 Bh6 19. Qb3 c5 20. f4 cxb4 21. axb4
Ndxf4 22. gxf4 Bxg2 23. Kxg2 Nxf4+ 24. Kf3 Qxd3+ 25. Qxd3 Nxd3 26. Rb1 Rd8 27.
Ne3 Nxb2 28. Rxb2 Bg7 29. Nb3 Rxd1 30. Nxd1 Bxe5 31. Re2 Bd6 32. b5 f5 33. Rd2
Kf7 34. Nd4 Bb4 35. Rb2 Bc5 36. Nb3 Bd6 37. Ke3 e5 38. Kd3 e4+ 39. Ke3 Rc4 40.
Nd2 f4+ 41. Ke2 Rd4 42. Nc3 f3+ 43. Kf1 Bxh2 44. Ncxe4 Bf4 45. Kf2 g5 46. Kxf3
h5 47. Nf1 Rd3+ 48. Kg2 Ra3 49. Nfg3 h4 50. Nf1 Ke6 51. Nf2 Kf5 52. Nh3 g4 53.
Nxf4 Kxf4 54. Nd2 Ra1 55. Nb3 h3+ 56. Kh2 g3+ 57. Kxh3 Rh1+ 58. Kg2 Rh2+ 0-1

[Event "33ème Open International d'Avoine"]
[Site "Avoine"]
[Date "2018.07.21"]
[Round "7.6"]
[White "Najart, David"]
[Black "Cau, Benjamin"]
[Result "1-0"]
[WhiteElo "2230"]
[BlackElo "2093"]
[PlyCount "91"]
[EventDate "2018.??.??"]

1. c4 c6 2. g3 d5 3. Nf3 Nf6 4. Bg2 g6 5. Qa4 dxc4 6. Qxc4 Be6 7. Qh4 c5 8. Nc3
Nc6 9. Ng5 Bd7 10. Qc4 e6 11. O-O Na5 12. Qf4 Bc6 13. Nce4 Bxe4 14. Nxe4 Nxe4
15. Qxe4 Qd4 16. d3 Bg7 17. Be3 Qxe4 18. Bxe4 Rc8 19. Rac1 Bxb2 20. Rb1 Be5 21.
Bxb7 Nxb7 22. Rxb7 a6 23. Rc1 O-O 24. Rxc5 Rxc5 25. Bxc5 Rc8 26. d4 Bg7 27. Ra7
e5 28. e3 exd4 29. exd4 Rd8 30. Rxa6 Bxd4 31. Rd6 Rxd6 32. Bxd6 f5 33. a4 Kf7
34. a5 Ke6 35. Bf4 Kd5 36. Be3 Bf6 37. a6 Kc6 38. Kf1 g5 39. f4 g4 40. Ke2 h5
41. Kd3 h4 42. Kc4 h3 43. a7 Kb7 44. Kd5 Bc3 45. Bf2 Ka8 46. Ke6 1-0

[Event "33ème Open International d'Avoine"]
[Site "Avoine"]
[Date "2018.07.21"]
[Round "7.7"]
[White "Mevel, Alberic"]
[Black "Burri, Quentin"]
[Result "0-1"]
[WhiteElo "2169"]
[BlackElo "2423"]
[PlyCount "90"]
[EventDate "2018.??.??"]

1. e4 c5 2. Nf3 d6 3. d4 Nf6 4. Nc3 cxd4 5. Nxd4 a6 6. Be3 e5 7. Nf3 Be7 8. Bc4
O-O 9. O-O Nc6 10. a3 h6 11. h3 Na5 12. Ba2 Qc7 13. Nd5 Nxd5 14. Bxd5 Nc4 15.
Bc1 Kh7 16. Nh2 Nb6 17. Bb3 f5 18. exf5 Bxf5 19. Ng4 Bg6 20. c3 Rad8 21. Re1 e4
22. Bc2 d5 23. f3 h5 24. Nh2 Bc5+ 25. Kh1 Qg3 26. Nf1 Qf2 27. Be3 Bxe3 28. Rxe3
Nc4 29. Re2 Qb6 30. fxe4 dxe4 31. Qe1 Nxb2 32. Rb1 Qf6 33. Rxb2 Qxf1+ 34. Qxf1
Rxf1+ 35. Kh2 Re8 36. Rxb7 e3 37. Bxg6+ Kxg6 38. c4 Rf2 39. Rbb2 Rxe2 40. Rxe2
Kf5 41. Kg1 Ke4 42. Kf1 Rf8+ 43. Ke1 Rb8 44. Rc2 Kd3 45. Rc1 e2 0-1

[Event "33ème Open International d'Avoine"]
[Site "Avoine"]
[Date "2018.07.21"]
[Round "7.8"]
[White "Ollier, Pablo"]
[Black "Rubino, William"]
[Result "1/2-1/2"]
[WhiteElo "2398"]
[BlackElo "2106"]
[PlyCount "108"]
[EventDate "2018.??.??"]

1. d4 d5 2. c4 e6 3. Nc3 c6 4. e4 Bb4 5. cxd5 exd5 6. e5 c5 7. a3 Bxc3+ 8. bxc3
Nc6 9. Nf3 cxd4 10. cxd4 Nge7 11. Bd3 Bg4 12. O-O Qd7 13. Be3 O-O 14. h3 Bf5
15. Nh4 Bxd3 16. Qxd3 f6 17. f4 g6 18. Rae1 Nf5 19. Nxf5 Qxf5 20. Qb3 Qd7 21.
Bf2 Rae8 22. Rc1 b6 23. Rfd1 Rc8 24. Qe3 Qe6 25. Bh4 f5 26. Rb1 Na5 27. Qf3 Rf7
28. Bf6 Nc4 29. Rb5 Rd7 30. Kh2 a6 31. Rb3 Rdc7 32. g4 Rd7 33. Rdd3 h6 34. Rb1
Kh7 35. gxf5 Qxf5 36. Qg4 Rf7 37. Rg1 Nd6 38. Rdg3 Rc2+ 39. R3g2 Rxg2+ 40. Rxg2
Qxg4 41. hxg4 Ne4 42. g5 Rc7 43. Rb2 Rc6 44. a4 Kg8 45. Bd8 hxg5 46. fxg5 Kf7
47. Kh3 Ke8 48. Bf6 Kd7 49. Kg4 Ke6 50. Bd8 Nc3 51. Rh2 Rc4 52. Bxb6 Nxa4 53.
Ba7 Rc7 54. Ra2 Rxa7 1/2-1/2

[Event "33ème Open International d'Avoine"]
[Site "Avoine"]
[Date "2018.07.21"]
[Round "7.9"]
[White "Maloberti, David"]
[Black "Manea, Alexandru"]
[Result "0-1"]
[WhiteElo "2136"]
[BlackElo "2394"]
[PlyCount "136"]
[EventDate "2018.??.??"]

1. d4 f5 2. c4 Nf6 3. Nc3 g6 4. Nf3 Bg7 5. Bf4 c5 6. e3 Ne4 7. Bd3 Nxc3 8. bxc3
Nc6 9. O-O d6 10. e4 e5 11. Bg5 Bf6 12. Bxf6 Qxf6 13. d5 Nd8 14. a4 Nf7 15. a5
h5 16. Qa4+ Bd7 17. Qc2 f4 18. Rfb1 Rb8 19. Ra2 g5 20. Rab2 g4 21. Ne1 Bc8 22.
Qa4+ Bd7 23. Qc2 Nd8 24. Bf1 Rh7 25. g3 Rc8 26. Ng2 f3 27. Nh4 Rc7 28. Bd3 Bc8
29. Kf1 Nf7 30. Qa4+ Bd7 31. Qc2 Nd8 32. Ke1 Bc8 33. Qa4+ Kf8 34. Kf1 Rhe7 35.
Qc2 Nf7 36. Qd2 Kg7 37. Re1 Ng5 38. Bc2 Nh3 39. Ra1 Rf7 40. Bd3 Rce7 41. Rab1
Re8 42. Rb3 Qd8 43. Ra3 Rh8 44. Ra2 Nf4 45. Qe3 Ng6 46. Nf5+ Bxf5 47. exf5 Nf8
48. Rab2 h4 49. Kg1 Kf6 50. Rxb7 Nd7 51. R1b2 Qxa5 52. Bb1 Qa4 53. Qd2 hxg3 54.
fxg3 Qxc4 55. Rxa7 Rfh7 56. Ba2 f2+ 57. Qxf2 Qxc3 58. Qd2 Qxd2 59. Rxd2 e4 60.
Bb1 Kxf5 61. Ra4 Nf6 62. Rf2+ Ke5 63. Rf4 Rxh2 64. Bxe4 Nxe4 65. Rfxe4+ Kxd5
66. Rxg4 Rd2 67. Rg5+ Kc6 68. Ra6+ Kb5 0-1

[Event "33ème Open International d'Avoine"]
[Site "Avoine"]
[Date "2018.07.21"]
[Round "7.10"]
[White "Eugene, Floryan"]
[Black "Droin, Augustin"]
[Result "1-0"]
[WhiteElo "2332"]
[BlackElo "2095"]
[PlyCount "57"]
[EventDate "2018.??.??"]

1. e4 c5 2. Nf3 d6 3. Bb5+ Nd7 4. d4 cxd4 5. Qxd4 a6 6. Bxd7+ Bxd7 7. c4 b5 8.
Na3 h6 9. e5 dxe5 10. Nxe5 e6 11. O-O Nf6 12. Rd1 b4 13. c5 Qc7 14. c6 Bxc6 15.
Bf4 Bd5 16. Rac1 Qb7 17. Nac4 Be7 18. Na5 Qb5 19. Nec6 Nh5 20. Nxe7 Qxa5 21.
Nxd5 Qxd5 22. Qe3 Qxa2 23. Bd6 Nf6 24. Qb6 Rd8 25. Qb7 Nd7 26. Rc8 Qa5 27. Bxb4
Qa4 28. Rxd8+ Kxd8 29. Qb8# 1-0

[Event "33ème Open International d'Avoine"]
[Site "Avoine"]
[Date "2018.07.21"]
[Round "7.11"]
[White "Gely, Yann"]
[Black "Bouget, Alexandre"]
[Result "1/2-1/2"]
[WhiteElo "2162"]
[BlackElo "2282"]
[PlyCount "71"]
[EventDate "2018.??.??"]

1. e4 e6 2. d4 d5 3. exd5 exd5 4. Nf3 Nc6 5. Be2 Bd6 6. O-O Nge7 7. b3 O-O 8.
c4 dxc4 9. bxc4 Ng6 10. Re1 Bg4 11. Be3 Re8 12. Nbd2 h6 13. d5 Nce7 14. Nd4
Bxe2 15. Qxe2 c6 16. dxc6 Nxc6 17. Nxc6 bxc6 18. Nb3 a5 19. c5 Be5 20. Rab1 a4
21. Nd2 Bd4 22. Rb6 Re6 23. Qd1 Qe7 24. Nf1 Bxc5 25. Rb1 Bd6 26. Qc2 a3 27.
Red1 Rc8 28. Ng3 Bxg3 29. hxg3 c5 30. Qa4 c4 31. Rd7 Qe8 32. Ra7 Qxa4 33. Rxa4
c3 34. Rxa3 Ne5 35. Rc1 c2 36. Kf1 {(=)} 1/2-1/2

[Event "33ème Open International d'Avoine"]
[Site "Avoine"]
[Date "2018.07.21"]
[Round "7.12"]
[White "Malassagne, Raphael"]
[Black "Rodriguez Rodriguez, Antonio"]
[Result "1-0"]
[WhiteElo "2275"]
[BlackElo "2088"]
[PlyCount "65"]
[EventDate "2018.??.??"]

1. d4 d6 2. Bf4 g6 3. Nc3 Bg7 4. Nf3 Nc6 5. e4 Bg4 6. d5 Nd4 7. Qd3 Bxf3 8.
gxf3 e5 9. dxe6 Nxe6 10. Be3 Ne7 11. h4 Nc6 12. h5 Ne5 13. Qe2 b5 14. hxg6 hxg6
15. Rxh8+ Bxh8 16. Nxb5 c6 17. f4 Qa5+ 18. c3 Qxb5 19. Qxb5 Nf3+ 20. Ke2 Ng1+
21. Kd2 Nf3+ 22. Ke2 Ng1+ {(=)} 23. Kd3 cxb5 24. Bg2 Nh3 25. Bxh3 Nc5+ 26. Kc2
Nxe4 27. Re1 Kf8 28. f5 Nc5 29. Bg5 f6 30. Bf4 Rd8 31. fxg6 f5 32. Bxf5 Bf6 33.
Bh6+ 1-0

[Event "33ème Open International d'Avoine"]
[Site "Avoine"]
[Date "2018.07.21"]
[Round "7.13"]
[White "Mazzella, Enzo"]
[Black "Le, Quan Anh"]
[Result "1-0"]
[WhiteElo "2273"]
[BlackElo "2068"]
[PlyCount "79"]
[EventDate "2018.??.??"]

1. e4 e5 2. Nf3 Nc6 3. Bc4 Nf6 4. d3 Be7 5. a4 O-O 6. a5 d5 7. exd5 Nxd5 8. O-O
a6 9. c3 b5 10. axb6 Nxb6 11. Bb3 Bf5 12. Bc2 Qd6 13. Be3 Qg6 14. Bxb6 cxb6 15.
Qe2 Rfd8 16. Rd1 Bf6 17. Ne1 Ne7 18. Nd2 Nd5 19. Ne4 Nf4 20. Nxf6+ gxf6 21. Qe3
Kh8 22. Kh1 Rg8 23. g3 Nh3 24. Ng2 Qh5 25. Nh4 Be6 26. Rf1 Rg4 27. f3 Rgg8 28.
d4 Rad8 29. dxe5 fxe5 30. Rad1 b5 31. Bf5 e4 32. Bxe6 Rxd1 33. Rxd1 fxe6 34.
Rf1 exf3 35. Nxf3 Rf8 36. Kg2 Re8 37. Ne5 Kg8 38. Qf3 Qf5 39. Qxf5 exf5 40.
Rxf5 1-0

[Event "33ème Open International d'Avoine"]
[Site "Avoine"]
[Date "2018.07.21"]
[Round "7.14"]
[White "Zachary, Matheo"]
[Black "Garcia, Adrien"]
[Result "1-0"]
[WhiteElo "2271"]
[BlackElo "2066"]
[PlyCount "85"]
[EventDate "2018.??.??"]

1. e4 c5 2. Nf3 Nc6 3. Bb5 g6 4. Bxc6 dxc6 5. d3 Bg7 6. h3 Nf6 7. Be3 c4 8. Nc3
cxd3 9. cxd3 O-O 10. O-O Qa5 11. Qc2 e5 12. d4 exd4 13. Nxd4 Re8 14. Nb3 Qh5
15. f3 Nd5 16. Bd2 Nb4 17. Qd1 Be6 18. a3 Rad8 19. axb4 Bxb3 20. Qc1 Rd3 21.
Ne2 Qb5 22. Bc3 Red8 23. Bxg7 Kxg7 24. Nf4 Rd2 25. Qc3+ Kg8 26. Qxb3 Qg5 27.
Qe3 R8d3 28. Qxd3 Rxd3 29. Nxd3 Qe3+ 30. Nf2 a6 31. Rad1 Qb6 32. Rfe1 Kf8 33.
Re2 Qxb4 34. Rdd2 c5 35. Ng4 c4 36. e5 Kg7 37. Nf6 Qa5 38. Rd7 Qb6+ 39. Kh2 c3
40. bxc3 Qb5 41. Re4 g5 42. e6 Kxf6 43. e7 1-0

[Event "33ème Open International d'Avoine"]
[Site "Avoine"]
[Date "2018.07.21"]
[Round "7.15"]
[White "Djidjeli, Sofiane"]
[Black "Coiffait, Pierre-Basile"]
[Result "0-1"]
[WhiteElo "2130"]
[BlackElo "2253"]
[PlyCount "120"]
[EventDate "2018.??.??"]

1. e4 e5 2. Nf3 Nc6 3. Nc3 Nf6 4. Be2 Bc5 5. Nxe5 Nxe5 6. d4 Bb4 7. dxe5 Nxe4
8. Qd4 Nxc3 9. bxc3 Be7 10. O-O O-O 11. Bf4 b6 12. Rad1 Bc5 13. Qa4 Qe7 14. Bg3
c6 15. Bg4 f5 16. exf6 Qxf6 17. Bxd7 Bxd7 18. Rxd7 Rae8 19. Qc4+ Kh8 20. Rd3
Bxf2+ 21. Kh1 Bxg3 22. Rdf3 Bf4 23. g3 Qe6 24. Qxe6 Rxe6 25. gxf4 Re2 26. R1f2
Re1+ 27. Rf1 Re2 28. R1f2 Re4 29. Rd3 Ra4 30. Rd7 Rxa2 31. h3 h6 32. Rg2 Rg8
33. f5 Ra1+ 34. Kh2 Rf1 35. Rxa7 Rxf5 36. Rc7 Rf6 37. h4 c5 38. Rb7 Kh7 39. Kg1
Rf4 40. Rxb6 Rxh4 41. Rc6 Rh5 42. Rc7 Rf5 43. c4 h5 44. Rd2 Re8 45. Rg2 Rg8 46.
Rd2 Rg5+ 47. Rg2 Rxg2+ 48. Kxg2 Re8 49. Rxc5 Re2+ 50. Kg3 Kh6 51. Rc6+ g6 52.
Rc8 Rxc2 53. c5 Kg5 54. c6 h4+ 55. Kf3 Rc3+ 56. Kf2 Kg4 57. c7 g5 58. Ke2 h3
59. Kd2 Rc6 60. Ke2 h2 0-1

[Event "33ème Open International d'Avoine"]
[Site "Avoine"]
[Date "2018.07.21"]
[Round "7.16"]
[White "Gao, Etienne"]
[Black "Engelmann, Herve"]
[Result "0-1"]
[WhiteElo "2249"]
[BlackElo "1998"]
[PlyCount "82"]
[EventDate "2018.??.??"]

1. e4 e5 2. Nf3 Nc6 3. Nc3 Nf6 4. Bb5 Bb4 5. O-O O-O 6. d3 d6 7. Bg5 Be6 8. Nd5
Bxd5 9. exd5 Ne7 10. c3 Bc5 11. d4 exd4 12. Bxf6 gxf6 13. Nxd4 Bxd4 14. Qxd4 c6
15. dxc6 bxc6 16. Ba4 Rb8 17. b3 Kg7 18. Rad1 d5 19. Qxa7 Qd6 20. c4 Rfd8 21.
Qd4 c5 22. Qg4+ Kh8 23. cxd5 Rg8 24. Qf3 Ng6 25. g3 Ne5 26. Qc3 Rb4 27. Kh1 Rg6
28. f4 Ng4 29. Qf3 f5 30. Qc3+ Kg8 31. Rd2 Re4 32. b4 Rxb4 33. Bc2 Rf6 34. h3
Rh6 35. Kg2 Rc4 36. Qb3 Rxh3 37. Rh1 Rxh1 38. Kxh1 Qe7 39. Qd3 Qe1+ 40. Kg2
Ne3+ 41. Kf3 Re4 0-1

[Event "33ème Open International d'Avoine"]
[Site "Avoine"]
[Date "2018.07.21"]
[Round "7.17"]
[White "Serralta, Michel"]
[Black "Sandu, Mihaela"]
[Result "0-1"]
[WhiteElo "2126"]
[BlackElo "2248"]
[PlyCount "62"]
[EventDate "2018.??.??"]

1. d4 Nf6 2. c4 g6 3. Nc3 Bg7 4. e4 d6 5. Nge2 O-O 6. Ng3 c5 7. d5 h5 8. Be2 a6
9. Bg5 b5 10. Qd2 Nbd7 11. O-O bxc4 12. Bh6 h4 13. Bxg7 Kxg7 14. Nh1 h3 15. f4
hxg2 16. Kxg2 Rh8 17. Ng3 Rh4 18. Rf2 Ng4 19. Bxg4 Rxg4 20. Rg1 Nf6 21. Kf1 Rh4
22. f5 Qh8 23. fxg6 fxg6 24. Nf5+ Bxf5 25. exf5 Rg4 26. fxg6 Qh3+ 27. Rgg2 Rxg6
28. Qe1 Kh8 29. Qe6 Qd3+ 30. Kg1 Rag8 31. Qxe7 Re8 0-1

[Event "33ème Open International d'Avoine"]
[Site "Avoine"]
[Date "2018.07.21"]
[Round "7.18"]
[White "Viers, Emmanuel"]
[Black "Bonnaud, Remy"]
[Result "1-0"]
[WhiteElo "2126"]
[BlackElo "2234"]
[PlyCount "81"]
[EventDate "2018.??.??"]

1. d4 d5 2. Nc3 Nf6 3. Nf3 e6 4. Bg5 Be7 5. Bxf6 Bxf6 6. e4 b6 7. Bd3 Bb7 8.
O-O O-O 9. e5 Be7 10. Ne2 c5 11. c3 Ba6 12. Bb1 Nd7 13. Re1 Bxe2 14. Rxe2 a6
15. Qd3 g6 16. Qd2 Qc7 17. h4 Rfc8 18. Bd3 Bf8 19. h5 Bg7 20. hxg6 fxg6 21. Qf4
Nf8 {(=)} 22. Re3 Qe7 23. g3 Rc7 24. Kg2 b5 25. Rh1 Rac8 26. Nh2 cxd4 27. cxd4
Rc1 28. Rxc1 Rxc1 29. Rf3 Rc7 30. Ng4 g5 31. Qd2 Nd7 32. Qa5 Rc6 33. Bxb5 h5
34. Nf6+ Nxf6 35. exf6 Qc7 36. f7+ Kh8 37. Qa3 Rd6 38. f8=Q+ Bxf8 39. Rxf8+ Kg7
40. Qf3 Qe7 41. Re8 1-0

[Event "33ème Open International d'Avoine"]
[Site "Avoine"]
[Date "2018.07.21"]
[Round "7.19"]
[White "Devallee, Jeremie"]
[Black "Viers, Matthieu"]
[Result "1/2-1/2"]
[WhiteElo "2230"]
[BlackElo "2028"]
[PlyCount "43"]
[EventDate "2018.??.??"]

1. e4 d6 2. d4 Nf6 3. Nc3 g6 4. g3 Bg7 5. Bg2 O-O 6. Nge2 Nbd7 7. O-O c5 8. h3
Rb8 9. a4 b6 10. g4 a6 11. d5 b5 12. axb5 axb5 13. Ng3 Ne5 14. Qe2 b4 15. Nd1
Bd7 16. c4 bxc3 17. Nxc3 c4 18. f4 Nd3 19. Kh2 Ne8 20. g5 Qb6 21. Nd1 Bb5 22.
Be3 {(=)} 1/2-1/2

[Event "33ème Open International d'Avoine"]
[Site "Avoine"]
[Date "2018.07.21"]
[Round "7.20"]
[White "Englisch, Colya"]
[Black "Daeschler, Florian"]
[Result "1-0"]
[WhiteElo "2097"]
[BlackElo "2228"]
[PlyCount "69"]
[EventDate "2018.??.??"]

1. d4 Nf6 2. Nf3 d5 3. g3 e6 4. Bg2 Be7 5. O-O O-O 6. c4 dxc4 7. Ne5 Nc6 8.
Bxc6 bxc6 9. Nxc6 Qe8 10. Nxe7+ Qxe7 11. Qc2 c5 12. Qxc4 cxd4 13. Qxd4 Rd8 14.
Qh4 h6 15. Nc3 Rd7 16. Rd1 Rxd1+ 17. Nxd1 Rb8 18. Bd2 Ba6 19. Qf4 e5 20. Qe3
Qd7 21. f3 e4 22. Bc3 exf3 23. exf3 Re8 24. Qf4 Nh7 25. h4 g5 26. hxg5 hxg5 27.
Qd2 Qc7 28. Qg2 g4 29. Nf2 Ng5 30. Nxg4 Re2 31. Qxe2 Qxg3+ 32. Qg2 Nxf3+ 33.
Kh1 Qh4+ 34. Nh2+ Ng5 35. Qa8+ 1-0

[Event "33ème Open International d'Avoine"]
[Site "Avoine"]
[Date "2018.07.21"]
[Round "7.21"]
[White "Frick, Christoph"]
[Black "De La Fontaine, Christophe"]
[Result "1/2-1/2"]
[WhiteElo "2215"]
[BlackElo "1989"]
[PlyCount "88"]
[EventDate "2018.??.??"]

1. e4 e6 2. Nc3 d5 3. d3 dxe4 4. Nxe4 Nf6 5. Qe2 Be7 6. Nf3 Nbd7 7. g3 b6 8.
Bg2 Bb7 9. O-O O-O 10. Rd1 Nc5 11. Bg5 Nfxe4 12. dxe4 Qe8 13. Bxe7 Qxe7 14. Nd4
e5 15. Nf5 Qf6 16. Ne3 Rad8 17. Nd5 Bxd5 18. exd5 a5 19. a3 a4 20. Qc4 Rfe8 21.
Rab1 e4 22. Rd4 e3 23. fxe3 Rxe3 24. Rf1 Qd6 25. Rdf4 Rd7 26. Qd4 Rde7 27. Rxf7
Rxf7 28. Qxe3 Rxf1+ 29. Bxf1 h6 30. Bc4 Kh8 31. b4 axb3 32. cxb3 Qg6 33. b4
Qb1+ 34. Kg2 Nd7 35. Qd3 Qc1 36. Qe2 Nf6 37. a4 Qc3 38. b5 Qd4 39. Bb3 Qc3 40.
Qc4 Qe5 41. h3 Ne4 42. Qd3 Nc5 43. Qc4 Ne4 44. Qd3 Nc5 1/2-1/2

[Event "33ème Open International d'Avoine"]
[Site "Avoine"]
[Date "2018.07.21"]
[Round "7.22"]
[White "Bauche, Timothe"]
[Black "Degardin, Sylvain"]
[Result "0-1"]
[WhiteElo "2086"]
[BlackElo "2197"]
[PlyCount "58"]
[EventDate "2018.??.??"]

1. d4 Nf6 2. c4 g6 3. Nc3 d5 4. cxd5 Nxd5 5. e4 Nxc3 6. bxc3 Bg7 7. Qa4+ Nd7 8.
Nf3 O-O 9. Bg5 c5 10. Bd3 cxd4 11. cxd4 Nc5 12. Qc4 Nxd3+ 13. Qxd3 Bg4 14. Rd1
Qa5+ 15. Qd2 Qa3 16. Be3 Rfd8 17. h3 Bxf3 18. gxf3 Bxd4 19. Bxd4 Qxf3 20. O-O
e5 21. Qe3 Qh5 22. Bxe5 Qxe5 23. f4 Qe7 24. Rde1 b6 25. Rf2 Rac8 26. f5 Qe5 27.
Ref1 Rc3 28. Qh6 Rg3+ 29. Kh1 Rdd3 0-1